000
00284nam a2200121Ia 4500
008
190216s9999||||xx |||||||||||||| ||und||
100
_a
Thayat Sankaran
245
0
_a
Soorpanaka
260
_b
Poorna Pubs Kozhikode
_c
1985
300
_a
90p
650
_a
Malayalam Nadakam
942
_c
BK
999
_c
25656
_d
25656